La travesía de don Juan: (Record no. 190405)
[ view plain ]
| 000 -LEADER | |
|---|---|
| campo de control de longitud fija | 01011nam a2200265 i 4500 |
| 001 - NÚMERO DE CONTROL | |
| campo de control | 190405 |
| 003 - IDENTIFICADOR DE NÚMERO DE CONTROL | |
| campo de control | ES-MaACL |
| 005 - FECHA Y HORA DE LA ÚLTIMA TRANSACCIÓN | |
| campo de control | 20250809103950.0 |
| 008 - DATOS DE LONGITUD FIJA--INFORMACIÓN GENERAL | |
| campo de control de longitud fija | 210311s2011 sp f 001 0bspa d |
| 020 ## - NÚMERO INTERNACIONAL ESTÁNDAR DEL LIBRO | |
| Número Internacional Estándar del Libro | 978-84-8460-952-0 |
| 080 ## - NÚMERO DE LA CLASIFICACIÓN DECIMAL UNIVERSAL | |
| Número de la Clasificación Decimal Universal | 929 Borbón y Battenberg, Juan de, Conde de Barcelona |
| 100 1# - ENTRADA PRINCIPAL--NOMBRE DE PERSONA | |
| Nombre de persona | Carvajal Urquijo, Pedro. |
| 9 (RLIN) | 35943 |
| 245 13 - MENCIÓN DEL TÍTULO | |
| Título | La travesía de don Juan: |
| Resto del título | la biografía más cercana del padre del rey Juan Carlos / |
| Mención de responsabilidad, etc. | Pedro Carvajal. |
| 250 ## - MENCION DE EDICION | |
| Mención de edición | 1ª ed. |
| 260 ## - PUBLICACIÓN, DISTRIBUCIÓN, ETC. | |
| Lugar de publicación, distribución, etc. | Madrid : |
| Nombre del editor, distribuidor, etc. | Temas de Hoy, |
| Fecha de publicación, distribución, etc. | 2011. |
| 300 ## - DESCRIPCIÓN FÍSICA | |
| Extensión | 390 p., [16] p. de lám. ; |
| Dimensiones | 25 cm. |
| 490 1# - MENCIÓN DE SERIE | |
| Mención de serie | Biografías |
| 500 ## - NOTA GENERAL | |
| Nota general | Índice onomástico. |
| 504 ## - NOTA DE BIBLIOGRAFÍA, ETC. | |
| Nota de bibliografía, etc. | Bibliografía: p. 377-379. |
| 600 14 - PUNTO DE ACCESO ADICIONAL DE MATERIA--NOMBRE DE PERSONA | |
| Nombre de persona | Borbón y Battenberg, Juan de, |
| Títulos y otros términos asociados al nombre | Conde de Barcelona, |
| Fechas asociadas al nombre | 1913-1993- |
| Subdivisión general | Biografías |
| 9 (RLIN) | 30363 |
| 830 1# - PUNTO DE ACCESO ADICIONAL DE SERIE-TÍTULO UNIFORME | |
| Título uniforme | Biografías |
| 9 (RLIN) | 180531 |
| 852 ## - LOCALIZACIÓN | |
| Ubicación | ES-MaACL |
| Número de control de estantería | A-14604 |
| itemnumber | 197582 |
| Sublocalización o colección | R.14604 |
| Ubicación en estantería | Depósito 1 |
| Signatura antigua | Olim: N-7604 |
| Donativo/Legado | Donación: Editorial |
| Encuadernación | Encuadernación en cartoné |
| 942 ## - ELEMENTOS DE ENTRADA SECUNDARIOS (KOHA) | |
| Fuente del sistema de clasificación o colocación | Clasificación decimal universal |
| Estatus retirado | Estado de pérdida | Fuente del sistema de clasificación o colocación | Estado de daño | No para préstamo | Biblioteca de origen | Biblioteca actual | Ubicación en estantería | Fecha de adquisición | Fuente de adquisición | Total de préstamos | Signatura topográfica completa | Código de barras | Visto por última vez | Precio de reemplazo | Tipo de ítem Koha |
|---|---|---|---|---|---|---|---|---|---|---|---|---|---|---|---|
| Clasificación decimal universal | Biblioteca del Ateneo de Madrid | Biblioteca del Ateneo de Madrid | Depósito 1 | 11/03/2021 | Donación | A-14604 | 1202427 | 23/02/2023 | 23/02/2023 | Libro impreso |
